|
|
|
|
| LEADER |
00000cam a22000004a 4500 |
| 001 |
musev2_49672 |
| 003 |
MdBmJHUP |
| 005 |
20230905045146.0 |
| 006 |
m o d |
| 007 |
cr||||||||nn|n |
| 008 |
111003s2008 dcu o 00 0 eng d |
| 020 |
|
|
|a 9781597976480
|
| 020 |
|
|
|z 1597976482
|
| 020 |
|
|
|z 1574889435
|
| 020 |
|
|
|z 9781574889437
|
| 035 |
|
|
|a (OCoLC)1016857124
|
| 040 |
|
|
|a MdBmJHUP
|c MdBmJHUP
|
| 245 |
0 |
0 |
|a War and Diplomacy :
|b From World War I to the War on Terrorism /
|c edited by Andrew Dorman and Greg Kennedy.
|
| 250 |
|
|
|a 1st ed.
|
| 264 |
|
1 |
|a Washington, D.C. :
|b Potomac Books,
|c 2008.
|
| 264 |
|
3 |
|a Baltimore, Md. :
|b Project MUSE,
|c 2018
|
| 264 |
|
4 |
|c ©2008.
|
| 300 |
|
|
|a 1 online resource (256 pages).
|
| 336 |
|
|
|a text
|b txt
|2 rdacontent
|
| 337 |
|
|
|a computer
|b c
|2 rdamedia
|
| 338 |
|
|
|a online resource
|b cr
|2 rdacarrier
|
| 505 |
0 |
|
|a Introduction / Andrew Dorman and Greg Kennedy -- Origins of the First World War / T.G. Otte -- Origins of the Second World War / Keith Neilson -- Anglo-American diplomatic relations, 1939-1945 / Greg Kennedy -- France and the Algerian War : diplomacy and the internationalization of decolonization / Martin Thomas -- Britain and the Suez Crisis : winning battles but losing wars / Stuart Griffin -- U.S. diplomacy and strategy in the Vietnam War / Richard Lock-Pullan -- The Falklands/Malvinas conflict / Lawrence Freedman -- Kosovo / Andrew Dorman -- The Iraq War / Andrew Dorman -- Conclusion / Andrew Dorman and Greg Kennedy.
|
| 520 |
|
|
|a Examines the rapidly changing role of diplomacy.
|
| 546 |
|
|
|a English.
|
| 588 |
|
|
|a Description based on print version record.
|
| 650 |
|
7 |
|a International relations.
|2 fast
|0 (OCoLC)fst00977053
|
| 650 |
|
7 |
|a Diplomacy.
|2 fast
|0 (OCoLC)fst00894188
|
| 650 |
|
7 |
|a POLITICAL SCIENCE
|x International Relations
|x Diplomacy.
|2 bisacsh
|
| 650 |
|
7 |
|a diplomacy.
|2 aat
|
| 650 |
|
6 |
|a Diplomatie.
|
| 650 |
|
0 |
|a International relations
|x History
|y 20th century.
|
| 650 |
|
0 |
|a Diplomacy.
|
| 655 |
|
7 |
|a History.
|2 fast
|0 (OCoLC)fst01411628
|
| 655 |
|
7 |
|a Electronic books.
|2 local
|
| 700 |
1 |
|
|a Kennedy, Greg.
|
| 700 |
1 |
|
|a Dorman, Andrew M.,
|d 1966-
|
| 710 |
2 |
|
|a Project Muse.
|e distributor
|
| 830 |
|
0 |
|a Book collections on Project MUSE.
|
| 856 |
4 |
0 |
|z Texto completo
|u https://projectmuse.uam.elogim.com/book/49672/
|
| 945 |
|
|
|a Project MUSE - Custom Collection
|
| 945 |
|
|
|a Project MUSE - Archive Complete Supplement VI
|
| 945 |
|
|
|a Project MUSE - Archive Political Science and Policy Studies Supplement VI
|